Normal view
MARC view
- Moss, Dennis R
Entry Personal Name
001 - CONTROL NUMBER
- control field: 74070
003 - CONTROL NUMBER IDENTIFIER
- control field: NUST
005 - DATE AND TIME OF LATEST TRANSACTION
- control field: 20210628205126.0
008 - FIXED-LENGTH DATA ELEMENTS
- fixed length control field: 210628|| aca||aabn | a|a d
040 ## - CATALOGING SOURCE
- Original cataloging agency: NUST
- Transcribing agency: NUST
100 ## - HEADING--PERSONAL NAME
- Personal name: Moss, Dennis R
670 ## - SOURCE DATA FOUND
- Source citation: Work cat.: (NUST): Moss, Dennis R, Pressure vessel design manual, 1987
